Mahar cinta cinderella (Record no. 115374)

MARC details
000 -LEADER
fixed length control field 00642nam a2200241 i 4500
001 - CONTROL NUMBER
control field C2-0313703
003 - CONTROL NUMBER IDENTIFIER
control field PPAK
005 - DATE AND TIME OF LATEST TRANSACTION
control field 20180728105431.0
008 - FIXED-LENGTH DATA ELEMENTS--GENERAL INFORMATION
fixed length control field 111123s2011 my |||| ||||| | may d
020 ## - INTERNATIONAL STANDARD BOOK NUMBER
International Standard Book Number 9789674080099
040 ## - CATALOGING SOURCE
Original cataloging agency PPAK
Language of cataloging eng
Transcribing agency PPAK
Description conventions rda
082 04 - DEWEY DECIMAL CLASSIFICATION NUMBER
Classification number 899.233
Edition number 23
090 00 - LOCALLY ASSIGNED LC-TYPE CALL NUMBER (OCLC); LOCAL CALL NUMBER (RLIN)
Classification number (OCLC) (R) ; Classification number, CALL (RLIN) (NR) 899.233
Feature heading MAY
Feature heading G
100 0# - MAIN ENTRY--PERSONAL NAME
Personal name Maya Iris,
Relator term author
245 10 - TITLE STATEMENT
Title Mahar cinta cinderella
264 #1 - PRODUCTION, PUBLICATION, DISTRIBUTION, MANUFACTURE, AND COPYRIGHT NOTICE
Place of production, publication, distribution, manufacture Batu Caves, Selangor :
Name of producer, publisher, distributor, manufacturer PTS Litera Utama ,
Date of production, publication, distribution, manufacture, or copyright notice 2011
300 ## - PHYSICAL DESCRIPTION
Extent 393 pages ;
Dimensions 19 cm
336 ## - CONTENT TYPE
Source rdacontent
Content type term text
337 ## - MEDIA TYPE
Source rdamedia
Media type term unmediated
338 ## - CARRIER TYPE
Source rdacarrier
Carrier type term volume
650 10 - SUBJECT ADDED ENTRY--TOPICAL TERM
Topical term or geographic name entry element Malay fiction.
942 ## - ADDED ENTRY ELEMENTS (KOHA)
-- dc
Koha item type Book
Holdings
Withdrawn Not for loan Current library Shelving location Date acquired Total Checkouts Total Renewals Full call number Barcode Date last seen Date last checked out Koha item type
    Perpustakaan Alor Setar Pinjaman Dewasa 07/12/2011 1 1 899.233 MAY A01372454 23/02/2019 19/01/2019 Book
    Perpustakaan Baling Pinjaman Dewasa 07/12/2011     899.233 MAY A01372462 09/05/2018   Book
    Perpustakaan Bandar Baharu Pinjaman Dewasa 07/12/2011     899.233 MAY A01372463 09/05/2018   Book
    Perpustakaan Jitra Pinjaman Dewasa 07/12/2011 1   899.233 MAY A01372457 12/10/2019 07/10/2019 Book
    Perpustakaan Kulim Pinjaman Dewasa 07/12/2011 1   899.233 MAY A01372459 15/10/2019 05/10/2019 Book
    Perpustakaan Yan Pinjaman Dewasa 07/12/2011     899.233 MAY A01372460 09/05/2018   Book